ARRUPE JESUIT UNIVERSITY

CORONAVIRUS -STOP THE SPREAD - CLEAN,DISINFECT,COVER

Letters from a Boer parsonage (Record no. 119062)

MARC details
000 -LEADER
fixed length control field 00496nam a22001457a 4500
008 - FIXED-LENGTH DATA ELEMENTS--GENERAL INFORMATION
fixed length control field 131204b xxu||||| |||| 00| 0 eng d
050 ## - LIBRARY OF CONGRESS CALL NUMBER
Classification number SPC DT932.M26
100 ## - MAIN ENTRY--PERSONAL NAME
Personal name Marquard, Margaret
9 (RLIN) 5088
245 ## - TITLE STATEMENT
Title Letters from a Boer parsonage
Remainder of title Letters of Margaret Marquard during the Boer War
260 ## - PUBLICATION, DISTRIBUTION, ETC. (IMPRINT)
Place of publication, distribution, etc Cape Town
Name of publisher, distributor, etc Purnell
Date of publication, distribution, etc 1967
300 ## - PHYSICAL DESCRIPTION
Extent vi; 140p.
Dimensions 21cm
650 ## - SUBJECT ADDED ENTRY--TOPICAL TERM
Topical term or geographic name as entry element South African War - 1899-1902 - Personal narratives
9 (RLIN) 5089
700 ## - ADDED ENTRY--PERSONAL NAME
Personal name Marquard, Leo (ed)
9 (RLIN) 5090
942 ## - ADDED ENTRY ELEMENTS (KOHA)
Source of classification or shelving scheme Library of Congress Classification
Item type Monograph ( Printed materials)
Holdings
Withdrawn status Lost status Source of classification or shelving scheme Damaged status Not for loan Home library Current library Date acquired Total Checkouts Full call number Barcode Date last seen Price effective from Koha item type
    Library of Congress Classification     ARRUPE LIBRARY ARRUPE LIBRARY 04/12/2013   SPC DT932.M26 464122685 04/12/2013 04/12/2013 Monograph ( Printed materials)

 

Arrupe Library. PO Box MP320 Mt Pleasant, Harare, Zimbabwe
263 242 745411|librarian@aju.ac.zw